Scale of professional charges for quantity surveying services (Record no. 105606)

MARC details
000 -LEADER
fixed length control field 00556cam a2200181 4500
001 - CONTROL NUMBER
control field ##L134231
008 - FIXED-LENGTH DATA ELEMENTS--GENERAL INFORMATION
fixed length control field 060718n1961 000 0 eng u
035 ## - SYSTEM CONTROL NUMBER
System control number (Sirsi) u134231
041 0# - LANGUAGE CODE
Language code of text/sound track or separate title eng
050 04 - LIBRARY OF CONGRESS CALL NUMBER
Classification number 333.0062 $2 18
110 2# - MAIN ENTRY--CORPORATE NAME
Corporate name or jurisdiction name as entry element Royal Institution of Chartered Surveyors
9 (RLIN) 4900
245 00 - TITLE STATEMENT
Title Scale of professional charges for quantity surveying services
260 ## - PUBLICATION, DISTRIBUTION, ETC.
Place of publication, distribution, etc. London
Name of publisher, distributor, etc. RICS
Date of publication, distribution, etc. 1961
300 ## - PHYSICAL DESCRIPTION
Extent 15p.
Dimensions 22cm.
520 ## - SUMMARY, ETC.
Summary, etc. Scale no. 36.
690 ## - LOCAL SUBJECT ADDED ENTRY--TOPICAL TERM (OCLC, RLIN)
Topical term or geographic name as entry element ABOUT RICS-RICS MEMBERS-CHARTERED SURVEYORS-CHARTERED QUANTITY SURVEYORS
942 ## - ADDED ENTRY ELEMENTS (KOHA)
Suppress in OPAC 0
Holdings
Withdrawn status Lost status Source of classification or shelving scheme Damaged status Not for loan Home library Current library Shelving location Date acquired Total Checkouts Full call number Barcode Date last seen Copy number Price effective from Koha item type
    Other/Generic Classification Scheme     London London RICS Boxes 18/07/2006   1961 134231-1001 06/08/2019 1 06/08/2019 Archive
    Other/Generic Classification Scheme     London London RICS Boxes 02/08/2011   1961 30077005 06/08/2019 2 06/08/2019 Reference material